| 000 | 00698cab a22002055a 4500 | ||
|---|---|---|---|
| 001 | L156736 | ||
| 008 | 120706e20120120xxk 000 0 eng d | ||
| 035 | _a(Sirsi) u156736 | ||
| 041 | 0 | _aeng | |
| 100 | 1 | _aGardiner, Joey | |
| 245 | 0 | 0 | _aNot up to the job? |
| 260 | _c2012 | ||
| 490 |
_aBuilding _v277 (8734) 29 June 2012, 20-22(3) |
||
| 520 | _aReports on research conducted for Building's Client Intelligence White Paper which suggests that most clients are still struggling to find contractors and suppliers with the skills and qualities they value. | ||
| 590 | _aKA | ||
| 651 | 4 |
_aUnited Kingdom _y |
|
| 690 |
_aContracts _96232 |
||
| 690 |
_aConstruction management _96230 |
||
| 942 | _n0 | ||
| 999 |
_c84131 _d84131 |
||